| 000 | 01454nam a22003857a 4500 | ||
|---|---|---|---|
| 003 | CHAP | ||
| 005 | 20220329142023.0 | ||
| 008 | 990304d1999 mx r 00110 spa d | ||
| 010 | _a77171 | ||
| 011 | _a78143 | ||
| 035 | _a87995 | ||
| 040 | _cCHAP | ||
| 090 | _aTesis | ||
| 100 | 0 | 0 |
_aHernández Hernández, Roberto. _954161 |
| 245 | 0 |
_aRendimiento y sus componentes de cuatro variedades de cacahuate (Arachis Hypogaea L.) bajo condiciones de estres hídrico _c/por Roberto Hernández Hernández |
|
| 260 |
_aChapingo, Méx. : _bEl autor, _c1999. |
||
| 300 |
_a78 h. : _bgráfs. ; cuadros |
||
| 502 | _aTesis (Ing. Agr. Esp. en Fitotecnia) - UACH. Departamento de Fitotecnia | ||
| 590 |
_aALEPH _b10 _c20130110 _lUCH01 _h1428 |
||
| 590 |
_aBATCH-UPD _b10 _c20130110 _lUCH01 _h0003 |
||
| 590 |
_aBATCH-UPD _b10 _c20130110 _lUCH01 _h0642 |
||
| 590 |
_aBATCH-UPD _b10 _c20130410 _lUCH01 _h0326 |
||
| 590 |
_aBATCH-UPD _b10 _c20130914 _lUCH01 _h0802 |
||
| 590 |
_aCONVERSION _b10 _c20130109 _lUCH01 _h1342 |
||
| 650 | 1 | 4 |
_aCacahuate _xEfecto de la humedad. _916863 |
| 650 | 1 | 4 |
_aCacahuate _xRendimiento. _916900 |
| 650 | 1 | 4 |
_aCacahuate _xVariedades. _916912 |
| 650 | 1 | 4 |
_aStress _xEfecto en plantas. _9109991 |
| 901 | _aBK | ||
| 905 | _aMayto Villalobos S. | ||
| 942 | _cFOLL | ||
| 949 |
_bBC _cTES _d33724000714507 _eTS2 _fc.2 _h33729 _i87995 _si |
||
| 949 |
_bBC _cTES _d33724000760328 _eTS2 _fc.3 _h35620 _i87995 _si |
||
| 949 |
_bBC _cTES _d879951 _eTS1 _h33728 _i87995 _sb |
||
| 999 |
_c77171 _d77171 |
||